The anthropology of breast-feeding : natural law or social construct
Αποθηκεύτηκε σε:
| Άλλοι συγγραφείς: | |
|---|---|
| Μορφή: | Βιβλίο |
| Γλώσσα: | English |
| Δημοσίευση: |
Oxford :
Berg,
c1992
|
| Σειρά: | Cross-cultural perspectives on women
|
| Θέματα: | |
| Ετικέτες: |
Προσθήκη ετικέτας
Δεν υπάρχουν, Καταχωρήστε ετικέτα πρώτοι!
|
MARC
| LEADER | 00000nam a2200000 i 4500 | ||
|---|---|---|---|
| 001 | 1/80202 | ||
| 008 | 990507s1992 eng d | ||
| 020 | |a 0-85496-814-8 | ||
| 035 | |l 10050576 | ||
| 040 | |a GR-MY-UA |b gre |e aacr | ||
| 041 | 0 | |a eng | |
| 082 | 0 | |a 392.13 | |
| 245 | 1 | 4 | |a The anthropology of breast-feeding : |b natural law or social construct / |c Edited by Vanessa Maher |
| 260 | |a Oxford : |b Berg, |c c1992 | ||
| 300 | |a 187 p. | ||
| 490 | 1 | |a Cross-cultural perspectives on women | |
| 504 | |a Includes bibliographical references and index | ||
| 650 | 0 | 0 | |a Breastfeeding |x Cross-cultural studies. |
| 650 | 0 | 0 | |a Women |x Social conditions |x Cross-cultural studies. |
| 700 | 1 | |a Maher, Vanessa. |4 edt | |
| 830 | 0 | |a Cross-cultural perspectives on women | |
| 852 | |a INST |b LESVOS |e 19990507 |h 392.13 ANT |p 005100016328 |q 005100016328 |t BK |y 0 | ||
| 901 | |a BIBL1-1999-2 | ||
| 909 | |a Λ |b 061864 | ||
| 922 | |a 1ΕΛΗ |b 199812 |c ΚΠΣ/ΤΚ |d ΠΑΠΑΣΩΤΗΡΙΟΥ | ||
| 950 | |a 103-1998-07-27 | ||